书目信息 |
| 题名: |
潮汐
|
|
| 作者: | ;上海师范大学河口海岸研究室 编写 | |
| 分册: | ||
| 出版信息: | 北京 商务印书馆 1972 |
|
| 页数: | 62页 | |
| 开本: | 19cm | |
| 丛书名: | ||
| 单 册: | ||
| 中图分类: | P732.3 | |
| 科图分类: | ||
| 主题词: | 海洋学--基础理论 | |
| 电子资源: | ||
| ISBN: | ||
| 000 | 00655nam0 2200205 450 | |
| 001 | 0631462750 | |
| 005 | 20060911082448.93 | |
| 010 | @dCNY0.13 | |
| 100 | @a20060719d1972 km y0chiy0120 ea | |
| 101 | 0 | @achi |
| 102 | @aCN@b110000 | |
| 200 | 1 | @a潮汐@Achao xi@f上海师范大学河口海岸研究室编写@Fshang hai shi fan da xue he kou hai an yan jiu shi bian xie |
| 210 | @a北京@c商务印书馆@d1972 | |
| 215 | @a62页@c插图@d19cm | |
| 300 | @a地理知识读物 | |
| 606 | 0 | @a海洋学@x基础理论 |
| 690 | @aP732.3@v3 | |
| 711 | 0 | @a上海师范大学河口海岸研究室@Ashang hai shi fan da xue he kou hai an yan jiu shi@4编写 |
| 801 | 0 | @aCN@bPFT@c20060911 |
| 905 | @a10447@dP732.3@e33 | |
| 潮汐/上海师范大学河口海岸研究室编写.-北京:商务印书馆,1972 |
| 62页:插图;19cm |
| 地理知识读物 |
| ISBN :CNY0.13 |
| ● |
| 相关链接 |
|
|
|
|
正题名:潮汐
索取号:P732.3/33
 
预约/预借
| 序号 | 登录号 | 条形码 | 馆藏地/架位号 | 状态 | 备注 |
| 1 | 0424680 | 204246805 | 密集书库/ [索取号:P732.3/33] | 在馆 | |
| 2 | 0439418 | 204394182 | 密集书库/ [索取号:P732.3/33] | 在馆 | |
| 3 | 0471839 | 204718396 | 密集书库/ [索取号:P732.3/33] | 在馆 |